[Event "Monarch Assurance Isle of Man 13th"]
[Site "Port Erin IOM"]
[Date "2004.09.26"]
[Round "2.20"]
[White "Plant, Paul R"]
[Black "Sarakauskas, Gedi"]
[Result "1/2-1/2"]
[WhiteElo "2107"]
[BlackElo "2442"]
[PlyCount "37"]
[EventDate "2004.09.25"]
[EventType "swiss"]
[EventRounds "9"]
[EventCountry "IOM"]
[SourceTitle "BritBase"]
[SourceDate "2008.07.14"]
[SourceVersion "1"]
[SourceVersionDate "2008.07.14"]
[SourceQuality "2"]

1. d4 d6 2. Nf3 Bg4 3. e3 Nd7 4. Be2 Ngf6 5. c4 e5 6. Nc3 Be7 7. O-O O-O 8. b3
c6 9. d5 c5 10. Qc2 a6 11. a4 Re8 12. Nd2 Nf8 13. h3 Bd7 14. Bb2 Ng6 15. Bd3
Nh4 16. f4 exf4 17. exf4 Qc8 18. f5 Nh5 19. g4 1/2-1/2

[Event "Monarch Assurance Isle of Man 13th"]
[Site "Port Erin IOM"]
[Date "2004.09.26"]
[Round "2.21"]
[White "Noordhoek, Henk"]
[Black "Li Ruofan"]
[Result "0-1"]
[WhiteElo "2095"]
[BlackElo "2414"]
[PlyCount "80"]
[EventDate "2004.09.25"]
[EventType "swiss"]
[EventRounds "9"]
[EventCountry "IOM"]
[SourceTitle "BritBase"]
[SourceDate "2008.07.14"]
[SourceVersion "1"]
[SourceVersionDate "2008.07.14"]
[SourceQuality "2"]

1. e4 e5 2. Nf3 Nc6 3. Bc4 Nf6 4. O-O Nxe4 5. Qe2 d5 6. Bb5 Bg4 7. Bxc6+ bxc6
8. Qa6 f6 9. Qxc6+ Kf7 10. d4 exd4 11. Nxd4 Bc5 12. c3 Qd7 13. Qxd7+ Bxd7 14.
Bf4 Bb6 15. Nd2 Rhe8 16. Rfe1 Nc5 17. Rxe8 Rxe8 18. b3 Nd3 19. Be3 c5 20. N4f3
g5 21. b4 cxb4 22. Bxb6 axb6 23. cxb4 Re2 24. h3 h5 25. Nf1 Nxb4 26. Rb1 Nxa2
27. Rxb6 g4 28. hxg4 hxg4 29. Nd4 Re4 30. Rb7 Rxd4 31. Rxd7+ Ke6 32. Rd8 Rd1
33. g3 d4 34. Kg2 Nc3 35. Rb8 f5 36. Rb2 Ne4 37. Ra2 d3 38. Ne3 Rd2 39. Ra6+
Kf7 40. Ra7+ Kg6 0-1

[Event "Monarch Assurance Isle of Man 13th"]
[Site "Port Erin IOM"]
[Date "2004.09.26"]
[Round "2.24"]
[White "Zawadzka, Jolanta"]
[Black "Cox, John"]
[Result "1/2-1/2"]
[WhiteElo "2272"]
[BlackElo "2314"]
[PlyCount "74"]
[EventDate "2004.09.25"]
[EventType "swiss"]
[EventRounds "9"]
[EventCountry "IOM"]
[SourceTitle "BritBase"]
[SourceDate "2008.07.14"]
[SourceVersion "1"]
[SourceVersionDate "2008.07.14"]
[SourceQuality "2"]

1. e4 Nf6 2. e5 Nd5 3. d4 d6 4. Nf3 dxe5 5. Nxe5 c6 6. Bc4 Nd7 7. Nxd7 Bxd7 8.
O-O Bf5 9. Bg5 Qd7 10. Nd2 e6 11. Bb3 Be7 12. Bxe7 Qxe7 13. Re1 O-O 14. Qf3 Qd7
15. Nc4 a5 16. a4 h6 17. Rad1 Qc7 18. Ne5 Rad8 19. c4 Nb4 20. c5 Bc2 21. Rd2
Bxb3 22. Qxb3 b6 23. cxb6 Qxb6 24. Qc4 Rd5 25. h3 Rfd8 26. Red1 Qc7 27. Qc3 Qb6
28. Qf3 Qa7 29. Qc3 c5 30. dxc5 Rxd2 31. Rxd2 Rxd2 32. Qxd2 Qxc5 33. Qd8+ Kh7
34. Nd7 Qc1+ 35. Kh2 Qf4+ 36. Kg1 Qc1+ 37. Kh2 Qf4+ 1/2-1/2

[Event "Monarch Assurance Isle of Man 13th"]
[Site "Port Erin IOM"]
[Date "2004.09.26"]
[Round "2.25"]
[White "Kolbus, Dietmar"]
[Black "Ashton, Adam"]
[Result "1/2-1/2"]
[WhiteElo "2303"]
[BlackElo "2270"]
[PlyCount "49"]
[EventDate "2004.09.25"]
[EventType "swiss"]
[EventRounds "9"]
[EventCountry "IOM"]
[SourceTitle "BritBase"]
[SourceDate "2008.07.14"]
[SourceVersion "1"]
[SourceVersionDate "2008.07.14"]
[SourceQuality "2"]

1. c4 e5 2. Nc3 Nf6 3. g3 c6 4. Nf3 e4 5. Nd4 Qb6 6. e3 d5 7. Bg2 Bb4 8. Qc2
O-O 9. a3 Bxc3 10. Qxc3 Nbd7 11. O-O Nc5 12. b4 Nd3 13. c5 Qd8 14. Bb2 Nxb2 15.
Qxb2 Bd7 16. h3 Qe7 17. Qc3 Qe5 18. Ne2 Qh5 19. Nf4 Qh6 20. h4 Rae8 21. d4 Nh5
22. Qb2 a6 23. Qe2 Nf6 24. Bh3 Bxh3 25. Nxh3 1/2-1/2

[Event "Monarch Assurance Isle of Man 13th"]
[Site "Port Erin IOM"]
[Date "2004.09.26"]
[Round "2.27"]
[White "Rogers, Ian"]
[Black "Walton, Alan J"]
[Result "1-0"]
[WhiteElo "2588"]
[BlackElo "2208"]
[PlyCount "115"]
[EventDate "2004.09.25"]
[EventType "swiss"]
[EventRounds "9"]
[EventCountry "IOM"]
[SourceTitle "BritBase"]
[SourceDate "2008.07.14"]
[SourceVersion "1"]
[SourceVersionDate "2008.07.14"]
[SourceQuality "2"]

1. e4 e6 2. d4 d5 3. Nc3 Nf6 4. Bg5 Be7 5. e5 Nfd7 6. Bxe7 Qxe7 7. f4 O-O 8.
Nf3 c5 9. Qd2 Nc6 10. dxc5 Qxc5 11. O-O-O Nb6 12. Bd3 Bd7 13. Kb1 f6 14. exf6
Rxf6 15. g3 Be8 16. Rde1 Nc4 17. Bxc4 Qxc4 18. Ne5 Qc5 19. Rhf1 Rc8 20. a3 Nd4
21. Qf2 Qb6 22. Rd1 Rxc3 23. Qxd4 Qxd4 24. Rxd4 Rc7 25. Re1 Bg6 26. Re2 Be4 27.
b3 h5 28. Kb2 h4 29. Rdd2 hxg3 30. hxg3 g5 31. fxg5 Rf5 32. Ng4 Rxg5 33. Nf6+
Kf7 34. Nxe4 dxe4 35. Re3 Rg4 36. Rd4 Kf6 37. Rdxe4 Rxe4 38. Rxe4 Kf5 39. Rf4+
Kg5 40. Kc1 e5 41. Ra4 a6 42. Kd2 Kf5 43. g4+ Ke6 44. Rb4 Kd5 45. g5 e4 46. g6
Ke5 47. Rb6 Kf5 48. c4 Rd7+ 49. Ke2 Ke5 50. b4 a5 51. c5 axb4 52. axb4 Kf5 53.
Rd6 Re7 54. Ke3 Ke5 55. Rd1 Rg7 56. Rg1 Kf5 57. b5 Ke5 58. Rg2 1-0

[Event "Monarch Assurance Isle of Man 13th"]
[Site "Port Erin IOM"]
[Date "2004.09.26"]
[Round "2.30"]
[White "McNab, Colin"]
[Black "Goodger, Martyn"]
[Result "1-0"]
[WhiteElo "2427"]
[BlackElo "2136"]
[PlyCount "109"]
[EventDate "2004.09.25"]
[EventType "swiss"]
[EventRounds "9"]
[EventCountry "IOM"]
[SourceTitle "BritBase"]
[SourceDate "2008.07.14"]
[SourceVersion "1"]
[SourceVersionDate "2008.07.14"]
[SourceQuality "2"]

1. c4 f5 2. b3 e5 3. Bb2 Nc6 4. e3 Nf6 5. Nc3 d5 6. cxd5 Nxd5 7. Nxd5 Qxd5 8.
Nf3 Be7 9. Bc4 Qd6 10. O-O Bd7 11. d4 e4 12. Ne5 Nxe5 13. dxe5 Qg6 14. Qd4 Be6
15. Rfd1 c5 16. Qc3 a6 17. a4 Kf7 18. Rd7 b5 19. Bd5 Bxd5 20. Qxc5 Qe6 21. Qxd5
Qxd5 22. Rxd5 Ke6 23. Rd2 Rhd8 24. Rxd8 Rxd8 25. axb5 axb5 26. Ra6+ Kf7 27. g3
Rd3 28. e6+ Kg6 29. Ra7 Rxb3 30. Bxg7 Kxg7 31. Rxe7+ Kf6 32. Rxh7 Kxe6 33. h4
b4 34. Rb7 Kf6 35. Kg2 Rb2 36. Rb6+ Kg7 37. Rb5 Kg6 38. h5+ Kxh5 39. Rxf5+ Kg6
40. Rf4 b3 41. Rxe4 Rc2 42. Rb4 b2 43. Kf3 Kf6 44. g4 Kg6 45. Kg3 Re2 46. Rb6+
Kg7 47. f3 Kf7 48. e4 Kg7 49. g5 Kf7 50. Kg4 Rg2+ 51. Kf5 Rc2 52. Rb7+ Kf8 53.
f4 Kg8 54. e5 Kf8 55. Kf6 1-0

[Event "Monarch Assurance Isle of Man 13th"]
[Site "Port Erin IOM"]
[Date "2004.09.26"]
[Round "2.31"]
[White "Grafl, Florian"]
[Black "Hagesaether, Arne"]
[Result "1-0"]
[WhiteElo "2411"]
[BlackElo "2101"]
[PlyCount "53"]
[EventDate "2004.09.25"]
[EventType "swiss"]
[EventRounds "9"]
[EventCountry "IOM"]
[SourceTitle "BritBase"]
[SourceDate "2008.07.14"]
[SourceVersion "1"]
[SourceVersionDate "2008.07.14"]
[SourceQuality "2"]

1. e4 c6 2. d4 d5 3. exd5 cxd5 4. Bd3 Nf6 5. c3 e6 6. Nf3 Be7 7. O-O O-O 8.
Nbd2 Nbd7 9. Re1 a6 10. Nf1 b5 11. a3 Bb7 12. Ng3 Qc7 13. Qe2 Rfe8 14. Bg5 Nb6
15. Ne5 Nbd7 16. Qc2 Nf8 17. f4 N6d7 18. Bxe7 Rxe7 19. Nxd7 Rxd7 20. f5 Re8 21.
f6 gxf6 22. Nh5 Qd8 23. Qd2 f5 24. Qh6 f6 25. Nxf6+ Kf7 26. Nxe8 Kxe8 27. Bxf5
1-0

[Event "Monarch Assurance Isle of Man 13th"]
[Site "Port Erin IOM"]
[Date "2004.09.26"]
[Round "2.32"]
[White "Pert, Richard"]
[Black "Werner, Gert"]
[Result "1-0"]
[WhiteElo "2407"]
[BlackElo "2085"]
[PlyCount "45"]
[EventDate "2004.09.25"]
[EventType "swiss"]
[EventRounds "9"]
[EventCountry "IOM"]
[SourceTitle "BritBase"]
[SourceDate "2008.07.14"]
[SourceVersion "1"]
[SourceVersionDate "2008.07.14"]
[SourceQuality "2"]

1. e4 g6 2. Nf3 Bg7 3. d4 c6 4. Nc3 d5 5. Bf4 dxe4 6. Nxe4 Bf5 7. Ng3 Bg4 8.
Bc4 Nf6 9. Bxf7+ Kxf7 10. Ne5+ Ke8 11. Nxg4 Nxg4 12. Qxg4 Qxd4 13. O-O Nd7 14.
Rad1 Nf6 15. Qf3 Qb6 16. Rfe1 Kf7 17. Ne4 Rhe8 18. Ng5+ Kg8 19. Qh3 c5 20. Be5
h6 21. Ne6 Rac8 22. Bxf6 exf6 23. Nxg7 1-0

[Event "Monarch Assurance Isle of Man 13th"]
[Site "Port Erin IOM"]
[Date "2004.09.26"]
[Round "2.35"]
[White "Bennion, David A"]
[Black "Houska, Jovanka"]
[Result "0-1"]
[WhiteElo "2052"]
[BlackElo "2375"]
[PlyCount "62"]
[EventDate "2004.09.25"]
[EventType "swiss"]
[EventRounds "9"]
[EventCountry "IOM"]
[SourceTitle "BritBase"]
[SourceDate "2008.07.14"]
[SourceVersion "1"]
[SourceVersionDate "2008.07.14"]
[SourceQuality "2"]

1. e4 e5 2. Bc4 Nf6 3. d3 c6 4. Nf3 d5 5. exd5 cxd5 6. Bb3 Nc6 7. O-O Bd6 8.
Bg5 Be6 9. Nc3 Bc7 10. Qd2 h6 11. Bxf6 gxf6 12. Nb5 Ba5 13. c3 a6 14. Na3 Qd6
15. d4 Bc7 16. g3 h5 17. dxe5 fxe5 18. c4 Bg4 19. Qxd5 Qf6 20. Nh4 Rg8 21. Qg2
O-O-O 22. h3 Qxh4 23. hxg4 Qxg4 24. Bd1 Qf5 25. Qf3 Qxf3 26. Bxf3 h4 27. Bxc6
bxc6 28. Rad1 Rxd1 29. Rxd1 hxg3 30. f3 Rh8 31. Rd2 Bb6+ 0-1

[Event "Monarch Assurance Isle of Man 13th"]
[Site "Port Erin IOM"]
[Date "2004.09.26"]
[Round "2.36"]
[White "Webster, Richard J"]
[Black "Armbruster, Alexander"]
[Result "0-1"]
[WhiteElo "2008"]
[BlackElo "2351"]
[PlyCount "44"]
[EventDate "2004.09.25"]
[EventType "swiss"]
[EventRounds "9"]
[EventCountry "IOM"]
[SourceTitle "BritBase"]
[SourceDate "2008.07.14"]
[SourceVersion "1"]
[SourceVersionDate "2008.07.14"]
[SourceQuality "2"]

1. d4 Nf6 2. c4 g6 3. Nf3 Bg7 4. Nc3 d5 5. cxd5 Nxd5 6. e4 Nxc3 7. bxc3 c5 8.
Rb1 O-O 9. Be3 Nc6 10. h3 cxd4 11. cxd4 Qa5+ 12. Qd2 Qxd2+ 13. Kxd2 Rd8 14. Kc3
Be6 15. Rxb7 Rac8 16. Kb2 Nxd4 17. Bxd4 Bxd4+ 18. Nxd4 Rxd4 19. Ba6 Ra4 20.
Rxa7 Rxa2+ 21. Kb1 Rb8+ 22. Rb7 Ra8 0-1

[Event "Monarch Assurance Isle of Man 13th"]
[Site "Port Erin IOM"]
[Date "2004.09.26"]
[Round "2.37"]
[White "Murtagh, Dermot"]
[Black "Mannion, Stephen"]
[Result "1-0"]
[WhiteElo "1889"]
[BlackElo "2333"]
[PlyCount "107"]
[EventDate "2004.09.25"]
[EventType "swiss"]
[EventRounds "9"]
[EventCountry "IOM"]
[SourceTitle "BritBase"]
[SourceDate "2008.07.14"]
[SourceVersion "1"]
[SourceVersionDate "2008.07.14"]
[SourceQuality "2"]

1. e4 e5 2. Bc4 Nf6 3. d3 Nc6 4. Nc3 Na5 5. Qf3 c6 6. Nge2 d6 7. h3 Be7 8. O-O
Nxc4 9. dxc4 Be6 10. b3 O-O 11. Rd1 Qc7 12. a4 Ne8 13. Ng3 g6 14. Bh6 Ng7 15.
Nf5 Nxf5 16. exf5 Bxf5 17. Bxf8 Rxf8 18. Rd2 Be6 19. Re1 f5 20. Qe3 b6 21. f4
Bf6 22. Ne2 Re8 23. Red1 exf4 24. Nxf4 Bf7 25. Qf3 Be5 26. Kh1 Kg7 27. Re2 Rd8
28. Nd3 Bf6 29. Nf4 Qc8 30. Rde1 Be5 31. Nd3 Bc3 32. Rd1 Re8 33. Nf4 Be5 34.
Nd3 Bf6 35. Rxe8 Qxe8 36. Re1 Qd7 37. Nf4 Be5 38. Nd3 Bc3 39. Nc5 dxc5 40.
Qxc3+ Qd4 41. Qxd4+ cxd4 42. Re7 a6 43. Rc7 b5 44. Rxc6 bxc4 45. bxc4 a5 46. c5
Be8 47. Rd6 Kf7 48. c6 Ke7 49. c7 Bd7 50. Rxd4 g5 51. c4 g4 52. hxg4 fxg4 53.
c5 h5 54. c6 1-0

[Event "Monarch Assurance Isle of Man 13th"]
[Site "Port Erin IOM"]
[Date "2004.09.26"]
[Round "2.38"]
[White "Howell, David W"]
[Black "Dossett, Christopher"]
[Result "1-0"]
[WhiteElo "2334"]
[BlackElo "1886"]
[PlyCount "81"]
[EventDate "2004.09.25"]
[EventType "swiss"]
[EventRounds "9"]
[EventCountry "IOM"]
[SourceTitle "BritBase"]
[SourceDate "2008.07.14"]
[SourceVersion "1"]
[SourceVersionDate "2008.07.14"]
[SourceQuality "2"]

1. e4 e6 2. d4 a6 3. c4 b5 4. cxb5 axb5 5. Bxb5 Bb7 6. Nc3 Bb4 7. f3 Qh4+ 8. g3
Qh5 9. Bd3 Nf6 10. Be3 Qa5 11. Nge2 c5 12. O-O cxd4 13. Nxd4 Nc6 14. Rc1 O-O
15. a3 Be7 16. Nxc6 Bxc6 17. Rf2 Rfb8 18. Bb1 Rb7 19. Qd3 g6 20. g4 Rab8 21. b4
Qxa3 22. Nd5 Qxc1+ 23. Bxc1 exd5 24. e5 Ne8 25. Bd2 Nc7 26. f4 Bxb4 27. Ba2 Bc5
28. Be3 Bxe3 29. Qxe3 d4 30. Qxd4 Ne6 31. Qd6 Rb2 32. h3 R8b6 33. Rxb2 Rxb2 {
(=)} 34. Bxe6 fxe6 35. f5 gxf5 36. gxf5 exf5 37. e6 Rg2+ 38. Kf1 Rg6 39. Qb8+
Kg7 40. e7 d5 41. Qf8# 1-0

[Event "Monarch Assurance Isle of Man 13th"]
[Site "Port Erin IOM"]
[Date "2004.09.26"]
[Round "2.39"]
[White "Guiney, James"]
[Black "Ramaswamy, Aarthie"]
[Result "0-1"]
[WhiteElo "1881"]
[BlackElo "2299"]
[PlyCount "92"]
[EventDate "2004.09.25"]
[EventType "swiss"]
[EventRounds "9"]
[EventCountry "IOM"]
[SourceTitle "BritBase"]
[SourceDate "2008.07.14"]
[SourceVersion "1"]
[SourceVersionDate "2008.07.14"]
[SourceQuality "2"]

1. e4 c5 2. Nc3 Nc6 3. Bb5 Nd4 4. Bc4 g6 5. Nf3 Bg7 6. Nxd4 cxd4 7. Qf3 Nh6 8.
Ne2 O-O 9. d3 Ng4 10. Bb3 d6 11. O-O Ne5 12. Qg3 Nc6 13. f4 Na5 14. Bd2 Nxb3
15. axb3 Qc7 16. Rac1 f5 17. Kh1 Be6 18. c3 dxc3 19. Bxc3 Qb6 20. b4 Rac8 21.
h4 Kh8 22. h5 fxe4 23. Bxg7+ Kxg7 24. Rxc8 Bxc8 25. dxe4 Qxb4 26. hxg6 Qxe4 27.
gxh7+ Kh8 28. Qc3+ e5 29. Ng3 Qd4 30. Qc1 Be6 31. Qc7 Qd3 32. Qe7 Qxh7+ 33.
Qxh7+ Kxh7 34. f5 Bc4 35. Rf2 d5 36. Kh2 e4 37. Rf4 e3 38. Kh3 e2 39. Nxe2 Bxe2
40. g4 Kh6 41. Kh4 Rg8 42. f6 Kg6 43. g5 Rh8+ 44. Kg3 Kxg5 45. f7 Rf8 46. Rf2
Bh5 0-1

[Event "Monarch Assurance Isle of Man 13th"]
[Site "Port Erin IOM"]
[Date "2004.09.26"]
[Round "2.40"]
[White "Bannink, Bernard"]
[Black "Fraser-Mitchell, Jeremy"]
[Result "1-0"]
[WhiteElo "2280"]
[BlackElo "2082"]
[PlyCount "65"]
[EventDate "2004.09.25"]
[EventType "swiss"]
[EventRounds "9"]
[EventCountry "IOM"]
[SourceTitle "BritBase"]
[SourceDate "2008.07.14"]
[SourceVersion "1"]
[SourceVersionDate "2008.07.14"]
[SourceQuality "2"]

1. d4 d5 2. Nf3 Bf5 3. c4 e6 4. Nc3 Nc6 5. Bf4 Nf6 6. e3 Be7 7. Be2 O-O 8. O-O
h6 9. Rc1 Rc8 10. cxd5 exd5 11. Ne5 Na5 12. Qa4 c6 13. b4 Nc4 14. Nxc4 dxc4 15.
b5 cxb5 16. Qxb5 Qd7 17. Qxd7 Bxd7 18. Rb1 b6 19. Bf3 Bc6 20. d5 Ba8 21. d6 Bd8
22. Rfd1 Bxf3 23. gxf3 Nd7 24. Nd5 Nc5 25. Rbc1 b5 26. e4 f6 27. Be3 Kf7 28.
Rc2 a6 29. Nc7 Nb7 30. Nxa6 Rc6 31. Nb4 Rxd6 32. Nd5 Ba5 33. Rb1 1-0

[Event "Monarch Assurance Isle of Man 13th"]
[Site "Port Erin IOM"]
[Date "2004.09.26"]
[Round "2.41"]
[White "De Lagontrie, Jean"]
[Black "Bigg, Andrew J"]
[Result "0-1"]
[WhiteElo "1968"]
[BlackElo "2275"]
[PlyCount "46"]
[EventDate "2004.09.25"]
[EventType "swiss"]
[EventRounds "9"]
[EventCountry "IOM"]
[SourceTitle "BritBase"]
[SourceDate "2008.07.14"]
[SourceVersion "1"]
[SourceVersionDate "2008.07.14"]
[SourceQuality "2"]

1. d4 e6 2. c4 b6 3. Nc3 Bb4 4. e3 Bxc3+ 5. bxc3 Bb7 6. f3 Qh4+ 7. g3 Qh5 8. e4
f5 9. d5 fxe4 10. fxe4 Qxd1+ 11. Kxd1 Nf6 12. Bg2 O-O 13. h3 d6 14. Be3 Nxe4
15. Kc2 Nxg3 16. Rh2 Nf5 17. Bd2 exd5 18. Bxd5+ Bxd5 19. cxd5 Nd7 20. Re1 Rae8
21. Rxe8 Rxe8 22. Re2 Re5 23. c4 Nd4+ 0-1

[Event "Monarch Assurance Isle of Man 13th"]
[Site "Port Erin IOM"]
[Date "2004.09.26"]
[Round "2.42"]
[White "Rendle, Thomas"]
[Black "Fairbairn, Stephen"]
[Result "1-0"]
[WhiteElo "2258"]
[BlackElo "2057"]
[PlyCount "43"]
[EventDate "2004.09.25"]
[EventType "swiss"]
[EventRounds "9"]
[EventCountry "IOM"]
[SourceTitle "BritBase"]
[SourceDate "2008.07.14"]
[SourceVersion "1"]
[SourceVersionDate "2008.07.14"]
[SourceQuality "2"]

1. f4 g6 2. Nf3 Bg7 3. g3 Nf6 4. Bg2 d5 5. O-O O-O 6. d3 c5 7. Nc3 d4 8. Ne4
Nxe4 9. dxe4 Nc6 10. e5 Be6 11. e4 Qd7 12. Qe2 Rad8 13. Ng5 b6 14. f5 d3 15.
cxd3 Nd4 16. Qg4 gxf5 17. Qh5 h6 18. Nxe6 Qxe6 19. exf5 Qxe5 20. Bxh6 Bxh6 21.
Qxh6 Nc2 22. f6 1-0

[Event "Monarch Assurance Isle of Man 13th"]
[Site "Port Erin IOM"]
[Date "2004.09.26"]
[Round "2.43"]
[White "Waugh, Jonathan C"]
[Black "Groffen, Hans"]
[Result "0-1"]
[WhiteElo "1885"]
[BlackElo "2244"]
[PlyCount "90"]
[EventDate "2004.09.25"]
[EventType "swiss"]
[EventRounds "9"]
[EventCountry "IOM"]
[SourceTitle "BritBase"]
[SourceDate "2008.07.14"]
[SourceVersion "1"]
[SourceVersionDate "2008.07.14"]
[SourceQuality "2"]

1. e4 e6 2. d4 d5 3. Nd2 Nf6 4. e5 Nfd7 5. f4 c5 6. c3 Nc6 7. Ndf3 Qb6 8. Ne2
Be7 9. g3 O-O 10. Bh3 cxd4 11. cxd4 f6 12. Bxe6+ Kh8 13. Qb3 Ndxe5 14. Nxe5
Bxe6 15. Qxb6 axb6 16. Nxc6 bxc6 17. Be3 c5 18. O-O Bf5 19. Nc3 Rfd8 20. a3 g6
21. Rfd1 c4 22. Re1 Kg7 23. Bd2 Kf7 24. Kf2 Bd3 25. Na2 Rd7 26. Nb4 Be4 27.
Rac1 h6 28. Na2 f5 29. Nc3 Bf6 30. Be3 Bd3 31. Rcd1 g5 32. Ne2 Rc8 33. Rg1 Re8
34. Nc1 gxf4 35. gxf4 Bh4+ 36. Kf3 Rde7 37. Rde1 Be4+ 38. Ke2 Bxe1 39. Rxe1 Rg8
40. Rg1 Bd3+ 41. Kd2 Rxg1 42. Bxg1 Kg6 43. Nxd3 cxd3 44. Kxd3 Kh5 45. Bf2 Kg4
0-1

[Event "Monarch Assurance Isle of Man 13th"]
[Site "Port Erin IOM"]
[Date "2004.09.26"]
[Round "2.45"]
[White "Pemberton, Clive"]
[Black "Hutchinson, Norman A"]
[Result "0-1"]
[WhiteElo "1883"]
[BlackElo "2176"]
[PlyCount "72"]
[EventDate "2004.09.25"]
[EventType "swiss"]
[EventRounds "9"]
[EventCountry "IOM"]
[SourceTitle "BritBase"]
[SourceDate "2008.07.14"]
[SourceVersion "1"]
[SourceVersionDate "2008.07.14"]
[SourceQuality "2"]

1. e4 c6 2. d4 d5 3. exd5 cxd5 4. c4 e6 5. Nf3 Nf6 6. Nc3 Bb4 7. a3 Bxc3+ 8.
bxc3 O-O 9. Bg5 Qa5 10. Qb3 Ne4 11. Be7 Re8 12. Bb4 Qc7 13. a4 a5 14. Ba3 Bd7
15. Ne5 Bc6 16. Nxc6 bxc6 17. Bc1 e5 18. Be3 exd4 19. cxd4 c5 20. Rd1 Nc6 21.
Be2 Rab8 22. Qc2 cxd4 23. Bxd4 Nxd4 24. Rxd4 Qe5 25. Rxd5 Qc3+ 26. Qxc3 Nxc3
27. Kd2 Nxd5 28. cxd5 Rb2+ 29. Kc3 Rbxe2 30. Rd1 Rc8+ 31. Kd4 Ra2 32. Ke5 Rd8
33. d6 Rxf2 34. d7 Rf6 35. Rc1 Re6+ 36. Kf5 g6+ 0-1

[Event "Monarch Assurance Isle of Man 13th"]
[Site "Port Erin IOM"]
[Date "2004.09.26"]
[Round "2.46"]
[White "Almond, Richard J"]
[Black "Marks, Ian A"]
[Result "1/2-1/2"]
[WhiteElo "2158"]
[BlackElo "1884"]
[PlyCount "40"]
[EventDate "2004.09.25"]
[EventType "swiss"]
[EventRounds "9"]
[EventCountry "IOM"]
[SourceTitle "BritBase"]
[SourceDate "2008.07.14"]
[SourceVersion "1"]
[SourceVersionDate "2008.07.14"]
[SourceQuality "2"]

1. d4 Nf6 2. c4 c5 3. d5 b5 4. cxb5 a6 5. e3 axb5 6. Bxb5 Qa5+ 7. Nc3 Bb7 8.
Nge2 Nxd5 9. O-O Nc7 10. Bc4 e6 11. e4 Be7 12. e5 Nc6 13. Bd2 Qb6 14. Bf4 Nb4
15. Qb3 Qc6 16. f3 O-O 17. Rad1 Rfb8 18. a3 Ba6 19. Bxa6 Nbxa6 20. Qc2 Rb7
1/2-1/2

[Event "Monarch Assurance Isle of Man 13th"]
[Site "Port Erin IOM"]
[Date "2004.09.26"]
[Round "2.47"]
[White "Van Kemenade, Rudy"]
[Black "Gorka, Carl"]
[Result "1-0"]
[WhiteElo "2107"]
[BlackElo "1882"]
[PlyCount "69"]
[EventDate "2004.09.25"]
[EventType "swiss"]
[EventRounds "9"]
[EventCountry "IOM"]
[SourceTitle "BritBase"]
[SourceDate "2008.07.14"]
[SourceVersion "1"]
[SourceVersionDate "2008.07.14"]
[SourceQuality "2"]

1. e4 c5 2. Nf3 e6 3. d4 cxd4 4. Nxd4 a6 5. Nd2 d6 6. c4 Nf6 7. Bd3 b6 8. O-O
Qc7 9. b3 Bb7 10. Bb2 Nbd7 11. Qe2 Be7 12. Rac1 O-O 13. Bb1 Rfe8 14. Rfe1 Bf8
15. g4 g6 16. Qf3 Bg7 17. Qg3 Rac8 18. Qh4 e5 19. Ne2 Nc5 20. Ng3 Ne6 21. g5
Nd7 22. Nf5 gxf5 23. exf5 Nxg5 24. Qxg5 Kh8 25. f6 Rg8 26. Kf1 Bxf6 27. Qh5 Nf8
28. Ne4 Bxe4 29. Bxe4 Ng6 30. Re3 Rg7 31. Rf3 Qe7 32. Qf5 Rcg8 33. Qxf6 Qxf6
34. Rxf6 Nf4 35. Ke1 1-0

[Event "Monarch Assurance Isle of Man 13th"]
[Site "Port Erin IOM"]
[Date "2004.09.26"]
[Round "2.48"]
[White "Horton, Justin"]
[Black "Nicholson, John"]
[Result "1-0"]
[WhiteElo "2091"]
[BlackElo "2021"]
[PlyCount "75"]
[EventDate "2004.09.25"]
[EventType "swiss"]
[EventRounds "9"]
[EventCountry "IOM"]
[SourceTitle "BritBase"]
[SourceDate "2008.07.14"]
[SourceVersion "1"]
[SourceVersionDate "2008.07.14"]
[SourceQuality "2"]

1. d4 e6 2. c4 d5 3. Nf3 Nf6 4. g3 c6 5. Qc2 Bd6 6. Bg2 Nbd7 7. Nbd2 e5 8. dxe5
Nxe5 9. Nxe5 Bxe5 10. Nf3 Bd6 11. O-O Be6 12. Nd4 O-O 13. Nxe6 fxe6 14. b3 Qe7
15. Bb2 e5 16. cxd5 cxd5 17. Qd3 d4 18. Qc4+ Kh8 19. Rac1 h5 20. Qb5 Rab8 21.
Rc2 h4 22. Bc1 hxg3 23. hxg3 Ng4 24. Bh3 Nxf2 25. Rxf2 Rxf2 26. Kxf2 Qf6+ 27.
Ke1 Qg6 28. Rc8+ Rxc8 29. Bxc8 Qxg3+ 30. Kf1 Qg6 31. Qd7 d3 32. Qh3+ Kg8 33.
exd3 Kf7 34. Bxb7 Ke7 35. Be4 Qf6+ 36. Ke2 Bc5 37. Be3 Bxe3 38. Qxe3 1-0

[Event "Monarch Assurance Isle of Man 13th"]
[Site "Port Erin IOM"]
[Date "2004.09.27"]
[Round "3.2"]
[White "Korchnoi, Viktor"]
[Black "Wells, Peter"]
[Result "1/2-1/2"]
[WhiteElo "2568"]
[BlackElo "2494"]
[PlyCount "112"]
[EventDate "2004.09.25"]
[EventType "swiss"]
[EventRounds "9"]
[EventCountry "IOM"]
[SourceTitle "BritBase"]
[SourceDate "2008.07.14"]
[SourceVersion "1"]
[SourceVersionDate "2008.07.14"]
[SourceQuality "2"]

1. d4 Nf6 2. c4 e6 3. Nf3 d5 4. Nc3 dxc4 5. Qa4+ Nc6 6. Qxc4 Nb4 7. Qb3 c5 8.
dxc5 Bxc5 9. Bg5 O-O 10. e3 Nd3+ 11. Bxd3 Qxd3 12. Bxf6 gxf6 13. Nd2 b6 14.
O-O-O Be7 15. Nde4 Qa6 16. Nd6 Bb7 17. Qb4 Rfd8 18. Qg4+ Kf8 19. Qf4 Rxd6 20.
Rxd6 Rc8 21. Kb1 Bxd6 22. Qxd6+ Kg7 23. Rd1 Rc5 24. f3 Rg5 25. Qd2 b5 26. h4
Re5 27. Qd4 Qb6 28. Qg4+ Kf8 29. Qf4 Kg7 30. e4 b4 31. Ne2 b3 32. a3 Ba6 33.
Nd4 Qc7 34. Nxb3 Bc4 35. Rc1 Bd3+ 36. Ka1 Qb6 37. Qg3+ Kh6 38. f4 Rb5 39. Qxd3
({Korchnoi looked at} 39. e5 Rxb3 40. exf6 {but noticed} Rxa3+ $1 {which draws}
) 39... Rxb3 40. Qd2 Kg7 41. f5 e5 42. h5 h6 43. Rc4 a5 44. Ka2 Qb5 45. Rc3 a4
46. Rc2 Rd3 47. Qb4 Qd7 48. Rc4 Rd4 49. Qc3 Rxc4 50. Qxc4 Qd1 51. g3 Kg8 52. b4
axb3+ 53. Kb2 Kg7 54. a4 Kg8 55. Qc8+ Kg7 56. Qc6 Kg8 {score corrected by
Korchnoi, 28 Sept 2004} 1/2-1/2